LEADER 00781nam0-22002891i-450- 001 990002064510403321 005 20150624141209.0 035 $a000206451 035 $aFED01000206451 035 $a(Aleph)000206451FED01 035 $a000206451 100 $a20030910d1923----km-y0itay50------ba 101 0 $aita 200 1 $aFauna alpina$evertebrati delle Alpi$fRenato Perlini 210 $aBergamo$cIstituto Italiano d'Arti Grafiche$d1923 215 $a297 pp.$d33 tv.$d25 cm 610 0 $aFauna 610 0 $aFauna alpina 676 $a591.526 700 1$aPerlini,$bRenato$086284 801 0$aIT$bUNINA$gRICA$2UNIMARC 901 $aBK 912 $a990002064510403321 952 $a61 XA.5/2$b726$fDAGEN 959 $aDAGEN 996 $aFauna alpina$9393751 997 $aUNINA LEADER 01740nam 2200397Ia 450 001 996394029403316 005 20231219231622.0 035 $a(CKB)3810000000004902 035 $a(EEBO)2240931793 035 $a(OCoLC)ocm11899345e 035 $a(OCoLC)11899345 035 $a(EXLCZ)993810000000004902 100 $a19850409d1687 uy | 101 0 $aeng 135 $aurbn#|||a|bb| 200 14$aThe present state of His Majesties isles and territories in America ..$b[electronic resource] $ewith new maps of every place : together with astronomical tables, which will serve as a constant diary or calendar, for the use of the English inhabitants in those islands, from the year 1686 to 1700 : also a table by which ... you may know what hour it is in any of those parts, and how to make sun-dials fitting for all those places 210 $aLondon $cPrinted by H. Clark, for Dorman Newman ...$d1687 215 $a[8], 262, [47] p. $cill., 7 folded maps, port 300 $aWritten by R. Blome. Cf. BM. 300 $a"Licens'd July 20, 1686. Roger L'Estrange" 300 $aAstronomical tables on p. [1]-[39] at end. 300 $aAdvertisements on p. [41]-[46] at end. 300 $aReproduction of original in British Library. 330 $aeebo-0018 607 $aUnited States$xDescription and travel 607 $aUnited States$xDescription and travel$vEarly works to 1800 607 $aWest Indies$xDescription and travel 700 $aBlome$b Richard$f1635-1705.$01005190 801 0$bEAA 801 1$bEAA 801 2$bm/c 801 2$bWaOLN 906 $aBOOK 912 $a996394029403316 996 $aThe present state of His Majesties isles and territories in America .$92310471 997 $aUNISA